[Event "ARG-ch sf U2000/2300 Ruiz Memorial"]
[Site "General Pico"]
[Date "2017.09.02"]
[Round "3.2"]
[White "Villa, Paulo Gabriel"]
[Black "Diaz, Martin"]
[Result "1/2-1/2"]
[WhiteElo "1696"]
[BlackElo "1817"]
[PlyCount "115"]
[EventDate "2017.09.02"]
[EventType "swiss"]
[EventRounds "6"]
[EventCountry "ARG"]
[SourceTitle "EXT 2024"]
[Source "ChessBase"]
[SourceDate "2023.10.10"]
[SourceVersion "1"]
[SourceVersionDate "2023.10.10"]
[SourceQuality "1"]

1. d4 Nf6 2. Nf3 d5 3. e3 c5 4. c3 Nc6 5. Bd3 Bg4 6. 0-0 cxd4 7. exd4 e6 8. Bg5 Be7 9. Nbd2 0-0 10. Qc2 h6 11. Bh4 Rc8 12. Qb1 Nd7 13. Bg3 a6 14. Re1 b5 15. h3 Bh5 16. Ne5 Ncxe5 17. Bxe5 Bg5 18. Nf1 b4 19. Ng3 Bg6 20. Bxg6 fxg6 21. Qxg6 Nxe5 22. dxe5 Qb6 23. Rf1 bxc3 24. bxc3 Rxc3 25. Rab1 Qc6 26. Nh5 Qd7 27. Rb6 Qf7 28. Rxe6 Qxg6 29. Rxg6 Rf7 30. f4 Be7 31. f5 Bc5+ 32. Kh1 Kh7 33. Rxa6 d4 34. f6 d3 35. e6 d2 36. Ra4 Rc1 37. Raf4 d1Q 38. Rxd1 Rxd1+ 39. Kh2 Rxf6 40. Nxf6+ gxf6 41. Rxf6 Bd6+ 42. g3 Rd2+ 43. Kg1 Rxa2 44. e7 Bc5+ 45. Kf1 Ra8 46. Rf8 Rxf8+ 47. exf8Q Bxf8 48. Kg2 Kg6 49. Kf3 h5 50. Ke4 Bd6 51. Kf3 Kf6 52. Kg2 Kg5 53. Kf3 Bc7 54. Kg2 Kf6 55. Kf3 Ke5 56. Ke3 Kd5 57. Kf3 Kd4 58. h4 1/2-1/2

[Event "La Pampa Centro de la Republica "]
[Site "La Pampa"]
[Date "2015.10.11"]
[Round "4.2"]
[White "Villa, Paulo Gabriel"]
[Black "Litovicius, Miguel Victor"]
[Result "0-1"]
[WhiteElo "1622"]
[BlackElo "2226"]
[PlyCount "140"]
[EventDate "2015.10.09"]
[EventType "team-swiss"]
[EventRounds "6"]
[EventCountry "ARG"]
[SourceTitle "CBM 168 Extra"]
[Source "ChessBase"]
[SourceDate "2015.10.29"]
[SourceVersion "1"]
[SourceVersionDate "2015.10.29"]
[SourceQuality "1"]
[WhiteTeam "Los K"]
[BlackTeam "Neuquen"]
[WhiteTeamCountry "ARG"]
[BlackTeamCountry "ARG"]

1. d4 f5 2. Nf3 Nf6 3. e3 e6 4. Be2 Be7 5. 0-0 0-0 6. c4 c6 7. Nc3 d5 8. Ne5 Nbd7 9. f4 Kh8 10. Kh1 Nxe5 11. fxe5 Ne4 12. Nxe4 dxe4 13. a3 b6 14. b4 a5 15. Bd2 c5 16. bxc5 bxc5 17. Bc3 Bg5 18. Bd2 cxd4 19. exd4 f4 20. Bc3 Rb8 21. Qc2 Bb7 22. Bg4 f3 23. Bxe6 e3 24. gxf3 Bxf3+ 25. Kg1 Bh4 26. Rxf3 Rxf3 27. Qg2 Qf8 28. Bd5 Rf2 29. Qh3 Qf4 30. c5 Rf8 31. c6 e2 32. Bg2 Rf1+ 33. Bxf1 Qf2+ 34. Kh1 exf1Q+ 35. Rxf1 Qxf1+ 36. Qxf1 Rxf1+ 37. Kg2 Rc1 38. Bxa5 Rxc6 39. Kf3 Kg8 40. Bb4 Kf7 41. d5 Rh6 42. a4 Be7 43. e6+ Ke8 44. d6 Bxd6 45. Bxd6 Rxe6 46. Bb4 Rb6 47. Bd2 Rb2 48. Ke3 Kd7 49. a5 Kc6 50. Kd3 g6 51. Ke2 Ra2 52. h4 Ra4 53. Be1 h6 54. Kf3 Kd5 55. Kg3 Ke5 56. Bd2 h5 57. Kh3 Ra2 58. Be1 Kf4 59. Bg3+ Kf3 60. Bc7 Rc2 61. Bd8 Rc1 62. Kh2 Rc3 63. Bg5 Rc2+ 64. Kh3 Rb2 65. Bd8 Rb3 66. Bg5 Rd3 67. Bf6 Rd5 68. Bc3 Rc5 69. Bb4 Rb5 70. Bd2 Rb1 0-1